| 000 | 00865nam a2200265 i 4500 | ||
|---|---|---|---|
| 001 | 181088 | ||
| 003 | ES-MaACL | ||
| 005 | 20231008160552.0 | ||
| 008 | 121016s2009 sp ab |||| | spa d | ||
| 020 | _a978-84-9802-873-7 | ||
| 080 | _a625.711.1(37) | ||
| 080 | _a273.22(460) | ||
| 100 | 1 |
_aZapico Maroto, Luis. _9148944 |
|
| 245 | 1 | 0 |
_aMina y gigante / _cLuis Zapico. |
| 250 | _a1ª ed. | ||
| 260 |
_aFuenlabrada : _bEntrelíneas, _c2009. |
||
| 300 |
_a365 p. : _bil. col. y n., mapas ; _c23 cm. |
||
| 650 | 4 |
_aVías romanas. _9151632 |
|
| 650 | 0 | 4 |
_aPriscilianismo. _916406 |
| 852 |
_aES-MaACL _jA-12303 _9187971 _bR.146743 _cDEPO1 _dOlim: N-5308 _xDonación: Luis Zapico Maroto y Hortensia Landrove |
||
| 903 |
_9148773 _aLandrove, Hortensia _ednr |
||
| 903 |
_9148944 _aZapico Maroto, Luis _ednr |
||
| 942 |
_2udc _cMONOGRAFIA |
||
| 999 |
_c181088 _d181088 |
||